Quick Pick: Movies By Color Quiz Stats

 Plays Quiz Updated Apr 18, 2018

Challenge
Share
Tweet
Embed
Score 0/12 Timer 01:00
2 Plays Today
% Correct
Grey
96.6%
Pink
93.8%
Black
93.2%
Yellow
92.6%
Silver
90.6%
White
90.2%
Orange
88.3%
Green
88.1%
Red
87.7%
Brown
86.3%
Blue
77.7%
Purple
69.7%

Today's Daily Dose

You're not logged in!

Compare scores with friends on all Sporcle quizzes.
Join for Free
OR
Log In

You Might Also Like...

Show Comments

Extras

Top Quizzes Today


Score Distribution

Your Account Isn't Verified!

In order to create a playlist on Sporcle, you need to verify the email address you used during registration. Go to your Sporcle Settings to finish the process.

Report this User

Report this user for behavior that violates our Community Guidelines.

Details: